METHODS OF WORKING COAL FOR 4TH SEMESTER (Record no. 8585)

MARC details
000 -LEADER
fixed length control field 00391nam a22001577a 4500
005 - DATE AND TIME OF LATEST TRANSACTION
control field 20240902103331.0
008 - FIXED-LENGTH DATA ELEMENTS--GENERAL INFORMATION
fixed length control field 240830b |||||||| |||| 00| 0 eng d
041 ## - LANGUAGE CODE
Language code of text/sound track or separate title eng
082 ## - DEWEY DECIMAL CLASSIFICATION NUMBER
Classification number 622.335 SAR
100 ## - MAIN ENTRY--AUTHOR NAME
Personal name SARMA,CH.R.S
245 ## - TITLE STATEMENT
Title METHODS OF WORKING COAL FOR 4TH SEMESTER
260 ## - PUBLICATION, DISTRIBUTION, ETC. (IMPRINT)
Place of publication HYADRABAD
Name of publisher PLANET PUBLISHING HOUSE
300 ## - PHYSICAL DESCRIPTION
Number of Pages 6.55;P
650 ## - SUBJECT ADDED ENTRY--TOPICAL TERM
Topical Term MINING
942 ## - ADDED ENTRY ELEMENTS (KOHA)
Koha item type Books
Holdings
Lost status Damaged status Collection code Home library Current library Shelving location Date acquired Source of acquisition Cost, normal purchase price Serial Enumeration / chronology Full call number Accession Number Koha item type
    Reference JRU Library JRU Library SHELF-72-C 30/08/2024 PURCHASE 175.00 NEW ARRIVALS SHELF 622.335 28308 Books
    MINING JRU Library JRU Library SHELF-94-B 30/08/2024 PURCHASE 175.00   622.335 28309 Books
    MINING JRU Library JRU Library SHELF-94-B 30/08/2024 PURCHASE 175.00   622.335 28310 Books
    MINING JRU Library JRU Library SHELF-94-B 30/08/2024 PURCHASE 175.00   622.335 28311 Books
    MINING JRU Library JRU Library SHELF-94-B 30/08/2024 PURCHASE 175.00   622.335 28312 Books